[Event "DEM U12w 2024"]
[Site "Willingen GER"]
[Date "2024.05.23"]
[Round "7"]
[White "Fruth, Julia"]
[Black "Schmidt, Sophie"]
[Result "1/2-1/2"]
[Termination "normal"]
[Board "6"]
[WhiteElo "1641"]
[BlackElo "1257"]
[WhiteClock "00:36:39"]
[BlackClock "00:30:07"]
[PlyCount "66"]
[WhiteFideId "34603050"]
[BlackFideId "34682503"]
[EventCountry "GER"]
[EventRounds "9"]
[EventType "swiss"]
[EventDate "2024.05.18"]

1. e4 {[%clk 01:30:58]} {[%emt 00:00:02]} e5 {[%clk 01:30:55]} {[%emt
00:00:05]} 2. Nf3 {[%clk 01:31:19]} {[%emt 00:00:09]} Nc6 {[%clk 01:31:17]}
{[%emt 00:00:09]} 3. d4 {[%clk 01:31:42]} {[%emt 00:00:07]} exd4 {[%clk
01:31:33]} {[%emt 00:00:14]} 4. Nxd4 {[%clk 01:32:06]} {[%emt 00:00:07]} Nf6
{[%clk 01:31:35]} {[%emt 00:00:27]} 5. Nc3 {[%clk 01:32:10]} {[%emt 00:00:25]}
Bb4 {[%clk 01:31:10]} {[%emt 00:00:56]} 6. Nxc6 {[%clk 01:32:13]} {[%emt
00:00:27]} bxc6 {[%clk 01:31:21]} {[%emt 00:00:19]} 7. Bd3 {[%clk 01:32:26]}
{[%emt 00:00:17]} d5 {[%clk 01:30:53]} {[%emt 00:00:59]} 8. exd5 {[%clk
01:32:45]} {[%emt 00:00:10]} cxd5 {[%clk 01:31:13]} {[%emt 00:00:10]} 9. O-O
{[%clk 01:32:47]} {[%emt 00:00:28]} O-O {[%clk 01:30:44]} {[%emt 00:01:00]} 10.
h3 {[%clk 01:32:37]} {[%emt 00:00:39]} h6 {[%clk 01:28:45]} {[%emt 00:02:29]}
11. Qf3 {[%clk 01:31:13]} {[%emt 00:01:53]} Be6 {[%clk 01:21:23]} {[%emt
00:07:53]} 12. Bf4 {[%clk 01:28:31]} {[%emt 00:03:12]} Bd6 {[%clk 01:18:34]}
{[%emt 00:03:19]} 13. Rfe1 {[%clk 01:23:56]} {[%emt 00:05:06]} Bxf4 {[%clk
01:16:49]} {[%emt 00:02:16]} 14. Qxf4 {[%clk 01:24:04]} {[%emt 00:00:22]} Rb8
{[%clk 01:15:00]} {[%emt 00:02:16]} 15. b3 {[%clk 01:23:36]} {[%emt 00:01:01]}
Re8 {[%clk 01:10:24]} {[%emt 00:04:59]} 16. Qd4 {[%clk 01:18:10]} {[%emt
00:06:02]} Rb7 {[%clk 01:03:31]} {[%emt 00:07:24]} 17. Rad1 {[%clk 01:17:48]}
{[%emt 00:00:51]} Qd6 {[%clk 00:58:11]} {[%emt 00:05:49]} 18. Na4 {[%clk
01:00:37]} {[%emt 00:17:41]} a5 {[%clk 00:46:27]} {[%emt 00:12:15]} 19. Nc5
{[%clk 00:56:28]} {[%emt 00:04:38]} Rb4 {[%clk 00:45:38]} {[%emt 00:01:19]} 20.
c4 {[%clk 00:47:57]} {[%emt 00:09:01]} dxc4 {[%clk 00:38:22]} {[%emt 00:07:48]}
21. Qxd6 {[%emt 00:05:55]} cxd6 {[%clk 00:37:45]} 22. Nxe6 {[%clk 00:37:46]}
{[%emt 00:06:22]} cxd3 {[%clk 00:36:41]} {[%emt 00:01:34]} 23. Nc7 {[%clk
00:36:01]} {[%emt 00:02:14]} Rxe1+ {[%clk 00:36:06]} {[%emt 00:01:06]} 24. Rxe1
{[%clk 00:36:12]} {[%emt 00:00:19]} Re4 {[%clk 00:35:45]} {[%emt 00:00:49]} 25.
Rd1 {[%clk 00:35:16]} {[%emt 00:01:27]} Rd4 {[%clk 00:35:39]} {[%emt 00:00:34]}
26. Nb5 {[%clk 00:34:37]} {[%emt 00:01:11]} Rd5 {[%clk 00:32:17]} {[%emt
00:03:52]} 27. Nc3 {[%clk 00:34:46]} {[%emt 00:00:20]} Rd4 {[%clk 00:31:43]}
{[%emt 00:01:04]} 28. Nb5 {[%clk 00:35:06]} {[%emt 00:00:11]} Rd5 {[%clk
00:29:27]} {[%emt 00:02:47]} 29. Nc3 {[%clk 00:35:26]} {[%emt 00:00:10]} Rd4
{[%clk 00:29:44]} {[%emt 00:00:14]} 30. Nb5 {[%clk 00:35:45]} {[%emt 00:00:10]}
Rd5 {[%clk 00:29:32]} {[%emt 00:00:42]} 31. Nc3 {[%clk 00:36:03]} {[%emt
00:00:12]} Rd4 {[%clk 00:29:54]} {[%emt 00:00:08]} 32. Nb5 {[%clk 00:36:21]}
{[%emt 00:00:12]} Rd5 {[%clk 00:29:58]} {[%emt 00:00:26]} 33. Nc3 {[%clk
00:36:39]} {[%emt 00:00:12]} Rd4 {[%clk 00:30:07]} {[%emt 00:00:21]} 1/2-1/2

[Event "DEM U12w 2024"]
[Site "Willingen GER"]
[Date "2024.05.23"]
[Round "7"]
[White "Kovalskyy, Alicia"]
[Black "Greither, Flora"]
[Result "1-0"]
[Termination "normal"]
[Board "7"]
[WhiteElo "1825"]
[BlackElo "1430"]
[WhiteClock "00:30:10"]
[BlackClock "00:18:25"]
[PlyCount "101"]
[WhiteFideId "34612130"]
[BlackFideId "533000697"]
[EventCountry "GER"]
[EventRounds "9"]
[EventType "swiss"]
[EventDate "2024.05.18"]

1. e4 {[%clk 01:30:59]} c5 {[%clk 01:30:50]} {[%emt 00:00:10]} 2. Nf3 {[%clk
01:31:24]} {[%emt 00:00:05]} d6 {[%clk 01:30:58]} {[%emt 00:00:22]} 3. d4
{[%clk 01:31:50]} {[%emt 00:00:04]} cxd4 {[%clk 01:31:07]} {[%emt 00:00:21]} 4.
Qxd4 {[%clk 01:32:09]} {[%emt 00:00:11]} Nc6 {[%clk 01:31:19]} {[%emt
00:00:18]} 5. Bb5 {[%clk 01:32:34]} {[%emt 00:00:05]} Bd7 {[%clk 01:31:16]}
{[%emt 00:00:33]} 6. Bxc6 {[%emt 00:00:08]} Bxc6 {[%clk 01:31:31]} {[%emt
00:00:12]} 7. c4 {[%clk 01:33:22]} {[%emt 00:00:07]} Nf6 {[%clk 01:31:18]}
{[%emt 00:00:42]} 8. Nc3 {[%clk 01:33:45]} {[%emt 00:00:07]} g6 {[%clk
01:30:56]} {[%emt 00:00:51]} 9. O-O {[%clk 01:34:04]} {[%emt 00:00:11]} Bg7
{[%clk 01:30:56]} {[%emt 00:00:31]} 10. Qd3 {[%clk 01:34:26]} {[%emt 00:00:08]}
O-O {[%clk 01:31:02]} {[%emt 00:00:24]} 11. Nd4 {[%clk 01:34:28]} {[%emt
00:00:28]} Bd7 {[%clk 01:30:47]} {[%emt 00:00:46]} 12. h3 {[%clk 01:31:26]}
{[%emt 00:03:31]} Rc8 {[%clk 01:23:23]} {[%emt 00:07:54]} 13. b3 {[%clk
01:31:33]} {[%emt 00:00:24]} Ne8 {[%clk 01:18:57]} {[%emt 00:04:56]} 14. Bb2
{[%clk 01:30:11]} {[%emt 00:01:52]} Qb6 {[%clk 01:18:07]} {[%emt 00:01:19]} 15.
Nd5 {[%clk 01:30:27]} {[%emt 00:00:15]} Qd8 {[%clk 01:15:25]} {[%emt 00:03:12]}
16. Rad1 {[%clk 01:25:40]} {[%emt 00:05:14]} Nf6 {[%clk 01:12:35]} {[%emt
00:03:21]} 17. Rfe1 {[%clk 01:23:25]} {[%emt 00:02:45]} Nxd5 {[%clk 01:08:50]}
{[%emt 00:04:16]} 18. exd5 {[%clk 01:23:35]} {[%emt 00:00:20]} Re8 {[%clk
01:05:25]} {[%emt 00:03:55]} 19. Rd2 {[%clk 01:18:37]} {[%emt 00:05:18]} Qb6
{[%clk 00:58:59]} {[%emt 00:07:00]} 20. Rde2 {[%clk 01:14:19]} {[%emt
00:04:45]} e5 {[%clk 00:54:32]} {[%emt 00:05:05]} 21. dxe6 {[%clk 01:09:58]}
{[%emt 00:04:51]} fxe6 {[%clk 00:53:55]} {[%emt 00:01:07]} 22. Nf3 {[%clk
01:07:42]} {[%emt 00:02:45]} Bxb2 {[%clk 00:52:01]} {[%emt 00:02:25]} 23. Rxb2
{[%clk 01:07:58]} {[%emt 00:00:14]} Rf8 {[%clk 00:44:49]} {[%emt 00:07:42]} 24.
Rd2 {[%clk 01:02:52]} {[%emt 00:05:36]} Rc6 {[%clk 00:36:53]} {[%emt 00:08:26]}
25. Nd4 {[%clk 00:55:30]} {[%emt 00:07:52]} Rcc8 {[%clk 00:35:18]} {[%emt
00:02:02]} 26. Nxe6 {[%clk 00:44:33]} {[%emt 00:11:30]} Bxe6 {[%clk 00:26:58]}
{[%emt 00:08:50]} 27. Rxe6 {[%clk 00:42:24]} {[%emt 00:02:38]} Rcd8 {[%clk
00:24:09]} {[%emt 00:03:21]} 28. Rxd6 {[%clk 00:41:59]} {[%emt 00:00:54]} Rxd6
{[%clk 00:23:10]} {[%emt 00:01:29]} 29. Qxd6 {[%clk 00:42:20]} {[%emt
00:00:09]} Qxd6 {[%clk 00:22:00]} {[%emt 00:01:40]} 30. Rxd6 {[%clk 00:42:44]}
{[%emt 00:00:06]} Re8 {[%clk 00:21:14]} {[%emt 00:01:16]} 31. Rd7 {[%clk
00:38:35]} {[%emt 00:04:39]} Rb8 {[%clk 00:21:17]} {[%emt 00:00:26]} 32. f3
{[%clk 00:38:02]} {[%emt 00:01:04]} a6 {[%clk 00:20:55]} {[%emt 00:00:53]} 33.
Kf2 {[%clk 00:37:17]} {[%emt 00:01:14]} b6 {[%clk 00:20:51]} {[%emt 00:00:35]}
34. Ke3 {[%clk 00:36:13]} {[%emt 00:01:33]} Re8+ {[%clk 00:20:50]} {[%emt
00:00:31]} 35. Kd2 {[%clk 00:36:12]} {[%emt 00:00:29]} Re6 {[%clk 00:20:30]}
{[%emt 00:00:50]} 36. b4 {[%clk 00:33:31]} {[%emt 00:03:13]} Rc6 {[%clk
00:19:59]} {[%emt 00:01:02]} 37. Kc3 {[%clk 00:26:40]} {[%emt 00:07:21]} b5
{[%clk 00:18:57]} {[%emt 00:01:32]} 38. c5 {[%clk 00:26:36]} {[%emt 00:00:34]}
h6 {[%clk 00:18:23]} {[%emt 00:01:02]} 39. Rd6 {[%clk 00:26:31]} {[%emt
00:00:37]} Rxd6 {[%clk 00:18:05]} {[%emt 00:00:49]} 40. cxd6 {[%clk 00:26:56]}
{[%emt 00:00:04]} Kf8 {[%clk 00:18:16]} {[%emt 00:00:19]} 41. Kd4 {[%clk
00:27:16]} {[%emt 00:00:10]} Ke8 {[%clk 00:18:11]} {[%emt 00:00:35]} 42. Ke5
{[%clk 00:27:31]} {[%emt 00:00:11]} Kd7 {[%clk 00:18:10]} {[%emt 00:00:35]} 43.
g4 {[%clk 00:27:51]} {[%emt 00:00:09]} g5 {[%clk 00:18:06]} {[%emt 00:00:35]}
44. Kd5 {[%clk 00:28:03]} {[%emt 00:00:19]} h5 {[%clk 00:17:51]} {[%emt
00:00:45]} 45. gxh5 {[%clk 00:28:28]} {[%emt 00:00:05]} a5 {[%clk 00:18:02]}
{[%emt 00:00:19]} 46. h6 {[%clk 00:28:42]} {[%emt 00:00:15]} axb4 {[%clk
00:18:13]} {[%emt 00:00:20]} 47. h7 {[%clk 00:29:08]} {[%emt 00:00:04]} g4
{[%clk 00:18:03]} {[%emt 00:00:40]} 48. h8=Q {[%clk 00:29:31]} {[%emt
00:00:07]} gxf3 {[%clk 00:18:04]} {[%emt 00:00:28]} 49. Qg7+ {[%clk 00:29:54]}
{[%emt 00:00:07]} Kd8 {[%clk 00:18:02]} {[%emt 00:00:32]} 50. Qe7+ {[%clk
00:30:16]} {[%emt 00:00:08]} Kc8 {[%clk 00:18:25]} {[%emt 00:00:08]} 51. Qc7#
{[%clk 00:30:10]} {[%emt 00:00:05]} 1-0

[Event "DEM U12w 2024"]
[Site "Willingen GER"]
[Date "2024.05.23"]
[Round "7"]
[White "Tischlinger, Lara"]
[Black "Heidtkamp, Anna"]
[Result "1/2-1/2"]
[Termination "normal"]
[Board "8"]
[WhiteElo "1584"]
[BlackElo "1622"]
[WhiteClock "00:07:36"]
[BlackClock "00:10:10"]
[PlyCount "52"]
[WhiteFideId "34663401"]
[BlackFideId "16269012"]
[EventCountry "GER"]
[EventRounds "9"]
[EventType "swiss"]
[EventDate "2024.05.18"]

1. e4 {[%clk 01:30:57]} {[%emt 00:00:02]} e5 {[%clk 01:30:57]} {[%emt
00:00:03]} 2. Nf3 {[%clk 01:31:22]} {[%emt 00:00:06]} Nc6 {[%clk 01:31:23]}
{[%emt 00:00:04]} 3. d4 {[%clk 01:31:45]} {[%emt 00:00:06]} exd4 {[%clk
01:31:49]} {[%emt 00:00:05]} 4. Nxd4 {[%clk 01:32:08]} {[%emt 00:00:07]} Bc5
{[%clk 01:32:16]} {[%emt 00:00:03]} 5. Nb3 {[%clk 01:32:29]} {[%emt 00:00:08]}
Bb6 {[%clk 01:32:43]} {[%emt 00:00:04]} 6. Qe2 {[%clk 01:32:51]} {[%emt
00:00:08]} Qf6 {[%clk 01:32:45]} {[%emt 00:00:29]} 7. Nc3 {[%clk 01:32:40]}
{[%emt 00:00:41]} Nge7 {[%clk 01:32:50]} {[%emt 00:00:25]} 8. Be3 {[%clk
01:32:24]} {[%emt 00:00:46]} d6 {[%clk 01:32:29]} {[%emt 00:00:52]} 9. O-O-O
{[%clk 01:32:05]} {[%emt 00:00:48]} Bd7 {[%clk 01:31:34]} {[%emt 00:01:25]} 10.
g3 {[%clk 01:30:03]} {[%emt 00:02:31]} Bxe3+ {[%clk 01:24:41]} {[%emt
00:07:24]} 11. Qxe3 {[%clk 01:29:44]} {[%emt 00:00:48]} O-O-O {[%clk 01:24:44]}
{[%emt 00:00:27]} 12. Bg2 {[%clk 01:27:21]} {[%emt 00:02:52]} Rhe8 {[%clk
01:21:13]} {[%emt 00:04:02]} 13. Rhe1 {[%clk 00:56:32]} {[%emt 00:31:18]} a6
{[%clk 01:18:24]} {[%emt 00:03:20]} 14. f4 {[%clk 00:51:17]} {[%emt 00:05:44]}
Bg4 {[%clk 01:00:11]} {[%emt 00:18:44]} 15. Bf3 {[%clk 00:41:07]} {[%emt
00:10:40]} Bxf3 {[%clk 00:54:35]} {[%emt 00:06:06]} 16. Qxf3 {[%clk 00:41:16]}
{[%emt 00:00:20]} h6 {[%clk 00:50:21]} {[%emt 00:04:45]} 17. Rf1 {[%clk
00:31:22]} {[%emt 00:10:23]} Qg6 {[%clk 00:41:38]} {[%emt 00:09:14]} 18. g4
{[%clk 00:23:07]} {[%emt 00:08:45]} f6 {[%clk 00:35:15]} {[%emt 00:06:53]} 19.
h4 {[%emt 00:08:02]} Qf7 {[%clk 00:29:48]} {[%emt 00:05:56]} 20. Rd2 {[%clk
00:13:00]} {[%emt 00:03:05]} Rf8 {[%clk 00:26:54]} {[%emt 00:03:24]} 21. Rdf2
{[%clk 00:10:33]} {[%emt 00:02:56]} Qg8 {[%clk 00:25:43]} {[%emt 00:01:42]} 22.
g5 {[%clk 00:08:16]} {[%emt 00:02:47]} fxg5 {[%clk 00:13:23]} {[%emt 00:12:50]}
23. hxg5 {[%clk 00:08:27]} {[%emt 00:00:18]} hxg5 {[%clk 00:11:30]} {[%emt
00:02:24]} 24. Qg4+ {[%clk 00:08:45]} {[%emt 00:00:12]} Kb8 {[%clk 00:11:45]}
{[%emt 00:00:16]} 25. Qxg5 {[%clk 00:09:05]} {[%emt 00:00:08]} Qf7 {[%clk
00:10:13]} {[%emt 00:02:03]} 26. Rg2 {[%clk 00:07:36]} {[%emt 00:01:59]} Rg8
{[%clk 00:10:10]} {[%emt 00:00:34]} 1/2-1/2

[Event "DEM U12w 2024"]
[Site "Willingen GER"]
[Date "2024.05.23"]
[Round "7"]
[White "Winkler, Frida"]
[Black "Wang, Enya Marie"]
[Result "0-1"]
[Termination "normal"]
[Board "9"]
[WhiteElo "1587"]
[BlackElo "1614"]
[WhiteClock "00:01:53"]
[BlackClock "00:19:33"]
[PlyCount "72"]
[WhiteFideId "34622322"]
[BlackFideId "34660330"]
[EventCountry "GER"]
[EventRounds "9"]
[EventType "swiss"]
[EventDate "2024.05.18"]

1. e4 {[%clk 01:30:58]} {[%emt 00:00:01]} e5 {[%clk 01:30:55]} {[%emt
00:00:06]} 2. Nf3 {[%clk 01:31:19]} {[%emt 00:00:09]} Nc6 {[%clk 01:31:20]}
{[%emt 00:00:06]} 3. Bc4 {[%clk 01:31:27]} {[%emt 00:00:22]} Nf6 {[%clk
01:31:43]} {[%emt 00:00:07]} 4. d3 {[%clk 01:30:53]} {[%emt 00:01:04]} h6
{[%clk 01:31:57]} {[%emt 00:00:16]} 5. c3 {[%clk 01:30:23]} {[%emt 00:01:01]}
d6 {[%clk 01:32:07]} {[%emt 00:00:20]} 6. Bb3 {[%clk 01:30:39]} {[%emt
00:00:13]} g6 {[%clk 01:32:12]} {[%emt 00:00:25]} 7. Nbd2 {[%clk 01:25:46]}
{[%emt 00:05:23]} Bg7 {[%clk 01:31:35]} {[%emt 00:01:06]} 8. Nf1 {[%clk
01:25:59]} {[%emt 00:00:18]} O-O {[%clk 01:31:32]} {[%emt 00:00:33]} 9. h3
{[%clk 01:24:12]} {[%emt 00:02:16]} d5 {[%clk 01:30:09]} {[%emt 00:01:53]} 10.
Qe2 {[%clk 01:18:51]} {[%emt 00:05:52]} Re8 {[%clk 01:27:54]} {[%emt 00:02:45]}
11. exd5 {[%clk 01:09:47]} {[%emt 00:09:34]} Nxd5 {[%clk 01:27:35]} {[%emt
00:00:49]} 12. Qe4 {[%clk 01:05:14]} {[%emt 00:05:02]} Nce7 {[%clk 01:23:46]}
{[%emt 00:04:21]} 13. Ne3 {[%clk 01:04:42]} {[%emt 00:01:00]} Nf4 {[%clk
01:21:03]} {[%emt 00:03:15]} 14. d4 {[%clk 00:56:07]} {[%emt 00:09:02]} Nf5
{[%clk 01:16:31]} {[%emt 00:05:04]} 15. Nxe5 {[%clk 00:45:23]} {[%emt
00:11:15]} Bxe5 {[%clk 01:13:39]} {[%emt 00:03:21]} 16. dxe5 {[%clk 00:45:37]}
{[%emt 00:00:16]} Nd3+ {[%clk 01:13:30]} {[%emt 00:00:39]} 17. Ke2 {[%clk
00:43:13]} {[%emt 00:02:51]} Nxe5 {[%clk 01:12:21]} {[%emt 00:01:41]} 18. Rd1
{[%clk 00:39:03]} {[%emt 00:04:38]} Bd7 {[%clk 01:03:06]} {[%emt 00:09:48]} 19.
Qxb7 {[%clk 00:35:50]} {[%emt 00:03:43]} Nc6 {[%clk 00:58:42]} {[%emt
00:04:54]} 20. Qa6 {[%clk 00:33:53]} {[%emt 00:02:27]} Rb8 {[%clk 00:54:54]}
{[%emt 00:04:17]} 21. Qd3 {[%clk 00:30:12]} {[%emt 00:04:08]} Ncd4+ {[%clk
00:50:53]} {[%emt 00:04:34]} 22. cxd4 {[%clk 00:28:35]} {[%emt 00:02:07]} Rb4
{[%clk 00:45:39]} {[%emt 00:05:45]} 23. Ke1 {[%clk 00:21:06]} {[%emt 00:07:59]}
Bb5 {[%clk 00:44:31]} {[%emt 00:01:38]} 24. Qc3 {[%clk 00:21:20]} {[%emt
00:00:15]} Qh4 {[%clk 00:41:56]} {[%emt 00:03:05]} 25. g3 {[%clk 00:16:44]}
{[%emt 00:05:05]} Nxg3 {[%clk 00:41:08]} {[%emt 00:01:20]} 26. Qxb4 {[%clk
00:11:10]} {[%emt 00:06:04]} Nh1 {[%clk 00:36:58]} {[%emt 00:04:39]} 27. Rd2
{[%clk 00:11:07]} {[%emt 00:00:31]} Rxe3+ {[%clk 00:36:42]} {[%emt 00:00:48]}
28. Kd1 {[%clk 00:10:13]} {[%emt 00:01:23]} Qh5+ {[%clk 00:36:15]} {[%emt
00:00:58]} 29. Kc2 {[%clk 00:07:09]} {[%emt 00:03:34]} Qf5+ {[%clk 00:36:24]}
{[%emt 00:00:20]} 30. Kd1 {[%clk 00:06:17]} {[%emt 00:01:23]} Bd3 {[%clk
00:25:49]} {[%emt 00:11:05]} 31. Bxf7+ {[%clk 00:02:54]} {[%emt 00:03:53]} Kg7
{[%clk 00:25:14]} {[%emt 00:01:05]} 32. Bd5 {[%clk 00:01:03]} {[%emt 00:02:21]}
Nxf2+ {[%clk 00:20:22]} {[%emt 00:05:22]} 33. Rxf2 {[%clk 00:01:28]} {[%emt
00:00:05]} Qxf2 {[%clk 00:20:43]} {[%emt 00:00:09]} 34. Bd2 {[%clk 00:01:19]}
{[%emt 00:00:39]} Qf1+ {[%clk 00:19:25]} {[%emt 00:01:48]} 35. Be1 {[%clk
00:01:38]} {[%emt 00:00:11]} Qe2+ {[%clk 00:19:10]} {[%emt 00:00:45]} 36. Kc1
{[%clk 00:01:53]} {[%emt 00:00:15]} Qc2# {[%clk 00:19:33]} {[%emt 00:00:07]}
0-1

[Event "DEM U12w 2024"]
[Site "Willingen GER"]
[Date "2024.05.23"]
[Round "7"]
[White "Hladeniuk, Yelyzaveta"]
[Black "Bayer, Klara"]
[Result "1-0"]
[Termination "normal"]
[Board "11"]
[WhiteElo "1646"]
[BlackElo "1261"]
[WhiteClock "01:04:29"]
[BlackClock "00:31:02"]
[PlyCount "103"]
[WhiteFideId "34176128"]
[BlackFideId "34658955"]
[EventCountry "GER"]
[EventRounds "9"]
[EventType "swiss"]
[EventDate "2024.05.18"]

1. d4 {[%clk 01:30:57]} {[%emt 00:00:02]} d5 {[%clk 01:30:51]} {[%emt
00:00:10]} 2. c4 {[%clk 01:31:21]} {[%emt 00:00:06]} dxc4 {[%clk 01:31:13]}
{[%emt 00:00:08]} 3. Nf3 {[%clk 01:31:29]} {[%emt 00:00:21]} Nf6 {[%clk
01:31:00]} {[%emt 00:00:43]} 4. e3 {[%clk 01:31:49]} {[%emt 00:00:09]} c5
{[%clk 01:31:14]} {[%emt 00:00:17]} 5. Bxc4 {[%clk 01:31:54]} {[%emt 00:00:25]}
Bg4 {[%clk 01:31:04]} {[%emt 00:00:40]} 6. Ne5 {[%clk 01:20:18]} {[%emt
00:12:07]} Be6 {[%clk 01:28:54]} {[%emt 00:02:40]} 7. Bxe6 {[%clk 01:18:43]}
{[%emt 00:02:05]} fxe6 {[%clk 01:28:57]} {[%emt 00:00:26]} 8. Qa4+ {[%clk
01:18:33]} {[%emt 00:00:38]} Nbd7 {[%clk 01:28:42]} {[%emt 00:00:48]} 9. Nxd7
{[%clk 01:18:24]} {[%emt 00:00:39]} Nxd7 {[%clk 01:27:57]} {[%emt 00:01:13]}
10. dxc5 {[%clk 01:17:52]} {[%emt 00:01:03]} Qc7 {[%clk 01:23:54]} {[%emt
00:04:33]} 11. c6 {[%clk 01:14:42]} {[%emt 00:03:40]} Nb6 {[%clk 01:21:51]}
{[%emt 00:02:33]} 12. cxb7+ {[%clk 01:12:10]} {[%emt 00:03:03]} Kf7 {[%clk
01:08:19]} {[%emt 00:14:02]} 13. bxa8=Q {[%clk 01:10:56]} {[%emt 00:01:43]}
Qxc1+ {[%clk 01:02:08]} {[%emt 00:06:40]} 14. Qd1 {[%clk 01:11:05]} {[%emt
00:00:20]} Qxd1+ {[%clk 01:01:31]} {[%emt 00:01:08]} 15. Kxd1 {[%clk 01:11:27]}
{[%emt 00:00:09]} Nxa8 {[%clk 01:01:52]} {[%emt 00:00:09]} 16. Nc3 {[%clk
01:11:15]} {[%emt 00:00:42]} g6 {[%clk 01:01:42]} {[%emt 00:00:39]} 17. Ke2
{[%clk 01:11:18]} {[%emt 00:00:27]} Nb6 {[%clk 01:01:26]} {[%emt 00:00:46]} 18.
Rac1 {[%clk 01:10:59]} {[%emt 00:00:49]} Bg7 {[%clk 01:01:17]} {[%emt
00:00:39]} 19. b3 {[%clk 01:10:55]} {[%emt 00:00:34]} Rc8 {[%clk 00:58:05]}
{[%emt 00:03:42]} 20. Nb5 {[%clk 01:10:36]} {[%emt 00:00:44]} Ra8 {[%clk
00:55:48]} {[%emt 00:02:51]} 21. Rc6 {[%clk 01:07:46]} {[%emt 00:03:14]} Nd5
{[%clk 00:52:58]} {[%emt 00:03:27]} 22. Ra6 {[%clk 01:01:51]} {[%emt 00:06:24]}
Be5 {[%clk 00:47:36]} {[%emt 00:05:52]} 23. Rxa7 {[%clk 00:58:48]} {[%emt
00:03:34]} Rxa7 {[%clk 00:43:30]} {[%emt 00:04:36]} 24. Nxa7 {[%clk 00:59:11]}
{[%emt 00:00:08]} Nc3+ {[%clk 00:43:53]} {[%emt 00:00:07]} 25. Kd2 {[%clk
00:59:03]} {[%emt 00:00:35]} Nxa2 {[%clk 00:43:48]} {[%emt 00:00:38]} 26. Nc6
{[%clk 00:58:56]} {[%emt 00:00:34]} Bc3+ {[%clk 00:43:25]} {[%emt 00:00:56]}
27. Kd3 {[%clk 00:58:10]} {[%emt 00:01:15]} Ke8 {[%clk 00:35:46]} {[%emt
00:08:11]} 28. Nd4 {[%clk 00:57:41]} {[%emt 00:00:58]} Kd7 {[%clk 00:35:49]}
{[%emt 00:00:27]} 29. Rb1 {[%clk 00:57:40]} {[%emt 00:00:30]} Ba5 {[%clk
00:33:38]} {[%emt 00:02:42]} 30. Ra1 {[%clk 00:57:15]} {[%emt 00:00:52]} Nb4+
{[%clk 00:33:27]} {[%emt 00:00:44]} 31. Kc4 {[%clk 00:57:35]} {[%emt 00:00:10]}
e5 {[%clk 00:28:12]} {[%emt 00:05:45]} 32. Rxa5 {[%clk 00:57:06]} {[%emt
00:00:59]} exd4 {[%clk 00:25:00]} {[%emt 00:03:41]} 33. Kxb4 {[%clk 00:57:28]}
{[%emt 00:00:08]} d3 {[%clk 00:25:17]} {[%emt 00:00:13]} 34. Rd5+ {[%clk
00:57:52]} {[%emt 00:00:06]} Kc7 {[%clk 00:25:36]} {[%emt 00:00:10]} 35. Rxd3
{[%clk 00:58:17]} {[%emt 00:00:06]} Kb6 {[%clk 00:25:50]} {[%emt 00:00:16]} 36.
Rd7 {[%clk 00:58:33]} {[%emt 00:00:13]} Kc6 {[%clk 00:26:04]} {[%emt 00:00:17]}
37. Rxe7 {[%clk 00:58:58]} {[%emt 00:00:05]} h5 {[%clk 00:26:19]} {[%emt
00:00:14]} 38. Kc4 {[%clk 00:59:21]} {[%emt 00:00:08]} Kd6 {[%clk 00:26:41]}
{[%emt 00:00:08]} 39. Rg7 {[%clk 00:59:36]} {[%emt 00:00:15]} Kc6 {[%clk
00:27:00]} {[%emt 00:00:12]} 40. Rxg6+ {[%clk 01:00:00]} {[%emt 00:00:06]} Kc7
{[%clk 00:27:13]} {[%emt 00:00:17]} 41. Kc5 {[%clk 01:00:25]} {[%emt 00:00:05]}
h4 {[%clk 00:27:35]} {[%emt 00:00:08]} 42. Rg7+ {[%clk 01:00:51]} {[%emt
00:00:05]} Kd8 {[%clk 00:27:55]} {[%emt 00:00:10]} 43. Kd6 {[%clk 01:01:15]}
{[%emt 00:00:05]} Ke8 {[%clk 00:28:17]} {[%emt 00:00:07]} 44. Rd7 {[%clk
01:01:30]} {[%emt 00:00:15]} Kf8 {[%clk 00:28:40]} {[%emt 00:00:08]} 45. Ke6
{[%clk 01:01:53]} {[%emt 00:00:07]} Ke8 {[%clk 00:29:04]} {[%emt 00:00:06]} 46.
b4 {[%clk 01:02:14]} {[%emt 00:00:10]} Kf8 {[%clk 00:29:28]} {[%emt 00:00:05]}
47. Re7 {[%clk 01:02:36]} {[%emt 00:00:08]} Kg8 {[%clk 00:29:50]} {[%emt
00:00:08]} 48. Rf7 {[%clk 01:02:53]} {[%emt 00:00:11]} Kh8 {[%clk 00:30:15]}
{[%emt 00:00:06]} 49. Kf6 {[%clk 01:03:12]} {[%emt 00:00:11]} Kg8 {[%clk
00:30:31]} {[%emt 00:00:14]} 50. Kg6 {[%clk 01:03:34]} {[%emt 00:00:08]} h3
{[%clk 00:30:40]} {[%emt 00:00:21]} 51. g3 {[%clk 01:04:02]} {[%emt 00:00:03]}
Kh8 {[%clk 00:31:02]} {[%emt 00:00:08]} 52. Rf8# {[%clk 01:04:29]} {[%emt
00:00:02]} 1-0